Lengua y Literatura 1 / (Record no. 10029)

000 -CABECERA
fixed length control field 00687nam a22002057a 4500
003 - IDENTIFICADOR DEL NÚMERO DE CONTROL
control field AR-CdUCM
008 - DATOS DE LONGITUD FIJA--INFORMACIÓN GENERAL
fixed length control field 190329b ||||| |||| 00| 0 spa d
040 ## - FUENTE DE LA CATALOGACIÓN
Agencia/entidad que catalogó originalmente la obra MUNICIPALIDAD PROVINCIAL DEL CUSCO
Entidad que transcribió la catalogación BIBLIOTECA MUNICIPAL DEL CUSCO
082 ## - NÚMERO DE LA CLASIFICACIÓN DECIMAL DEWEY
No. de Clasificación ES / 373.460 /
Notacion interna Q62
100 ## - ENTRADA PRINCIPAL--NOMBRE DE PERSONA
Nombre Personal Quintana, Martín
245 ## - MENCIÓN DE TÍTULO
Título Lengua y Literatura 1 /
260 ## - PUBLICACIÓN, DISTRIBUCIÓN, ETC.
Lugar de publicación, distribución, etc. Lima :
Nombre de la editorial, distribuidor, etc. MQ Ediciones.
300 ## - DESCRIPCIÓN FÍSICA
Nº de Páginas Extensión 256 páginas ;
Otros detalles físicos Ilustraciones
Dimensiones 23cm
505 ## - NOTA DE CONTENIDO CON FORMATO
Nota de contenido formateada Contenido: Lectura -- Expresión oral -- Teoría gramatical -- Redacción -- Ortografía...
650 ## - PUNTO DE ACCESO ADICIONAL DE MATERIA--TÉRMINO DE MATERIA
Descriptor Lenguaje
9 (RLIN) 5227
650 ## - PUNTO DE ACCESO ADICIONAL DE MATERIA--TÉRMINO DE MATERIA
Descriptor Literatura
9 (RLIN) 416
942 ## - ELEMENTOS DE PUNTO DE ACCESO ADICIONAL (KOHA)
Fuente de clasificación
Tipo de item Libros-BMC
945 ## - PROCESAMIENTO DE INFORMACIÓN LOCAL (OCLC)
Catalogador nom
Holdings
Estado de retiro (separado) Fuente de clasificación o esquema de estanterías Estado dañado Ubicación Sala donde se ubica Nombre de la colección Fecha de adquisición o compra Costo, precio normal en soles Signatura topográfica Código de Barras Última vez visto (Koha) Tipo de ítem (Koha) Número de Ejemplar
No     Sala de Infantes Sala de Infantes Book Cart 2019-03-29 30.00 ES / 373.460 / Q62 SI00000397 2019-03-29 Libros-BMC  
No     Sala de Infantes Sala de Infantes Book Cart 2019-04-02 30.00 ES / 373.460 / Q62 / 2.e SI00000910 2019-04-02 Libros-BMC e.2
No     Sala de Infantes Sala de Infantes Children's Area 2019-04-29 30.00 ES / 373.460 / Q62 / e.3 SI00004120 2019-04-29 Libros-BMC  

Powered by Koha